banner koha

Produção de fitomassa, teor e produtividade do óleo essencial de Baccharis dracunculifolia DC. em função da adubação orgânica (Registro n. 298732)

MARC details
000 -LÍDER
fixed length control field 04186nab a2200301 i 4500
003 - CÓDIGO MARC DA AGÊNCIA CATALOGADORA
Campo de controle BR-BrBNA
005 - DATA E HORA DA ÚLTIMA ATUALIZAÇÃO
Campo de controle 20240311121212.0
008 - CAMPO DE TAMANHO FIXO
fixed length control field 240311b2011 bl.qr|p|oa||| 00| 0 por |
040 ## - FONTE DA CATALOGAÇÃO
Agência catalogadora BR-BrBNA
Idioma da catalogação por
072 ## - CATEGORIA AGRIS
Código AGRIS F04
072 ## - CATEGORIA AGRIS
Código AGRIS F60
100 ## - ENTRADA PRINCIPAL - NOME PESSOAL
Nome pessoal Santos, R.F.
100 ## - ENTRADA PRINCIPAL - NOME PESSOAL
Nome pessoal Lima, L.
100 ## - ENTRADA PRINCIPAL - NOME PESSOAL
Nome pessoal Altivo, F.S.
100 ## - ENTRADA PRINCIPAL - NOME PESSOAL
Nome pessoal Lalla, J.G.
100 ## - ENTRADA PRINCIPAL - NOME PESSOAL
Nome pessoal Ming, L.C.
245 ## - TÍTULO PRINCIPAL
Título principal Produção de fitomassa, teor e produtividade do óleo essencial de Baccharis dracunculifolia DC. em função da adubação orgânica
500 ## - NOTA GERAL
Nota geral Publicação on-line; 34 ref.; 1 table; 4 illus.; Summaries (En, Pt)
942 ## - ADDED ENTRY ELEMENTS (KOHA)
Koha item type
520 ## - NOTA DE RESUMO
Nota de conteúdo <br/><br/>RESUMO: <br/><br/>Objetivou-se avaliar a produção de fitomassa, teor e produtividade do óleo essencial<br/>de Baccharis dracuculifolia DC., em função de doses de adubo orgânico, e foram utilizadas<br/>mudas produzidas por semente, e mantidas sob sombrite pelo período de 84 dias até serem<br/>transplantadas para o campo, no espaçamento de 1,0 x 1,0 m, com irrigação por gotejamento. O<br/>delineamento estatístico utilizado foi em blocos ao acaso, com quatro repetições, e as doses de<br/>composto orgânico foram: 0, 10, 20, 30, 40 e 50 t ha-1. Foi realizada uma colheita, aos 150 dias<br/>após o transplante das mudas. O óleo essencial foi extraído por hidrodestilação e analisado em<br/>cromatógrafo a gás acoplado a espectrômetro de massas (Shimadzu, QP-5000). Todos os<br/>resultados foram submetidos à análise de variância pelo teste F seguido da análise de regressão<br/>e o teste Tukey para os dados: massa seca útil da parte aérea, teor e produtividade do óleo<br/>essencial. Para as variáveis massa seca total e massa seca útil da parte aérea, as dosagens<br/>estudadas influenciaram as plantas, que apresentaram os melhores resultados na dose 50 t ha1<br/>. Para teor de óleo não houve influência significativa para as dosagens estudadas, porém a dose<br/>30 t ha-1 apresentou o melhor resultado. Entretanto para a produtividade do óleo essencial, as<br/>dosagens estudadas influenciaram as plantas, que na dosagem 30 t ha-1 obtiveram os melhores<br/>resultados.<br/><br/>Palavras-chave: Alecrim-do-campo, composto orgânico, plantas medicinais.
520 ## - NOTA DE RESUMO
Nota de conteúdo <br/><br/>ABSTRACT: <br/><br/>Phytomass production, content, and productivity of essential oil of Baccharis<br/>dracunculifolia DC. as affected by organic compound. The objective was to evaluate the<br/>characteristics of the Baccharis dracunculifolia DC., depending on levels of organic fertilizer, and<br/>seedlings were used B. dracunculifolia produced by seed, and kept under shade for a period of 84<br/>days before being transplanted to the field, spaced 1.0 x 1.0 m, with drip irrigation. The experimental<br/>design was randomized blocks with four replications, and doses of organic compost, 0, 10, 20,<br/>30, 40 and 50 t ha-1. We performed a harvest, 150 days after transplanting. The essential oil was<br/>extracted by hydrodistillation and analyzed by gas chromatography coupled to mass spectrometer<br/>(Shimadzu, QP-5000). All results were submitted to analysis of variance F test followed by<br/>regression analysis and Tukey test for the data: useful dry mass of shoots, content of essential<br/>and productivity of essential oil. For the variables total dry mass and dry mass of shoots useful,<br/>the doses studied influenced the plants, which showed the best results at a dose 50 t ha-1. For<br/>content of essential oil no significant influence was verified on the doses studied, but the dose 30<br/>t ha -1 showed the best result. However the productivity of the essential oil, the doses studied<br/>influenced the plants, which in dose 30 t ha-1 obtained the best results.<br/><br/>Key words: Alecrim-do-campo, organic compound, medicinal plants
650 ## - ASSUNTO - THESAGRO
Cabeçalho tópico ou nome geográfico ALECRIM
650 ## - ASSUNTO - THESAGRO
Cabeçalho tópico ou nome geográfico COMPOSTO ORGÂNICO
650 ## - ASSUNTO - THESAGRO
Cabeçalho tópico ou nome geográfico PLANTA MEDICINAL
773 0# - ENTRADA ANALÍTICA
Host Biblionumber 3543
Registro do item 313813
Imprenta Botucatu-SP Instituto de Biociências - Departamento de Química e Bioquímica 1998
Outro identificador 2024-0080
Título Revista Brasileira de Plantas Medicinais (Brazil)
ISSN 1516-0572
Colação v. 13 (special number) p. 574-581; (2011)
Número de controle de registro BR2024000134
856 ## - ACESSO E ENDEREÇO ELETRÔNICO
Identificador uniforme de recurso - URI https://www.scielo.br/j/rbpm/a/B6P9FnKCBzFFstP99PNszdQ/?format=pdf&lang=pt

Nenhum exemplar disponível.

BINAGRI

Telefone: (61)3218-2567/2388/3357/2097 - binagri@agro.gov.br

Ministério da Agricultura e Pecuária , Esplanada dos Ministérios, Bloco D, Anexo B, Brasília/DF, CEP: 70.043-900